[Event "GER-chT U12"]
[Site "Schney"]
[Date "2013.12.29"]
[Round "5.2"]
[White "Hammann, Moritz"]
[Black "Plato, Laurenz"]
[Result "1-0"]
[WhiteElo "1321"]
[BlackElo "1402"]
[PlyCount "113"]
[EventDate "2013.12.27"]
[EventType "team-swiss"]
[EventRounds "7"]
[EventCountry "GER"]
[SourceTitle "EXT 2015"]
[Source "ChessBase"]
[SourceDate "2014.11.20"]
[SourceVersion "1"]
[SourceVersionDate "2014.11.20"]
[SourceQuality "1"]
[WhiteTeam "Stade"]
[BlackTeam "Nuernberg Zabo"]
[WhiteTeamCountry "GER"]
[BlackTeamCountry "GER"]

1. e4 d5 2. exd5 Qxd5 3. Nc3 Qa5 4. Nf3 Nf6 5. Bc4 e6 6. d3 c6 7. Bd2 Qc7 8. Qe2 Nbd7 9. 0-0 Bd6 10. h3 Ne5 11. Bb3 Bd7 12. Rfe1 Nxf3+ 13. Qxf3 h6 14. Re2 0-0-0 15. Ne4 Be7 16. Bc3 Nxe4 17. Qxe4 Rhg8 18. Qa4 Bc5 19. Bd4 Bb6 20. Be5 c5 21. Bxc7 Bxa4 22. Bxd8 Rxd8 23. Bxa4 Bc7 24. Bb3 Kb8 25. Re3 a6 26. Rf3 Rd7 27. Re1 b5 28. c4 Ka7 29. a3 Kb6 30. a4 Ka5 31. axb5 axb5 32. cxb5 Kxb5 33. Bc4+ Kb4 34. b3 Bb8 35. Ra1 Kc3 36. Ra8 Bd6 37. Rg8 Ra7 38. g3 g5 39. Rg7 Bxg3 40. fxg3 Ra1+ 41. Rf1 Ra2 42. b4 Ra8 43. bxc5 Rc8 44. Rgxf7 Rxc5 45. Ba6 g4 46. Rc1+ Kd4 47. Rxc5 Kxc5 48. hxg4 Kd5 49. Bc4+ Ke5 50. Re7 Kf6 51. Rxe6+ Kg5 52. d4 Kxg4 53. Rxh6 Kf5 54. Re6 Kg4 55. d5 Kxg3 56. d6 Kf4 57. d7 1-0